| 000 | 00587nam a2200229Ia 4500 | ||
|---|---|---|---|
| 003 | OSt | ||
| 005 | 20220918211652.0 | ||
| 006 | a|||||r|||| 00| 0 | ||
| 007 | ta | ||
| 008 | 220917b |||||||| |||| 00| 0 eng d | ||
| 024 | _a125,169 | ||
| 037 | _cTextual | ||
| 040 |
_aARTS _cARTS _beng |
||
| 041 |
_2eng _aeng |
||
| 082 | _aW:17, K5 | ||
| 100 |
_aMemmi Ai-bert _9121196 |
||
| 245 | 0 | _aColonizer and the colonized | |
| 260 |
_aBoston _bBecon press _c1965 |
||
| 650 | _aPOLITICAL SCIENCE | ||
| 942 |
_hW:17, K5 _cTEXL _2CC |
||
| 999 |
_c248354 _d248354 |
||